000 00913nam a2200205 a 4500
005 20160106130149.0
008 140317b2004 ck a gr|||| 00| 0 spa d
040 _aCO-BoIAVH
_cCO-BoIAVH
041 _aspa
044 _ack
082 _aFG-0024
100 1 _aRíos Osorio, Oliva
_947255
245 1 _aAves del páramo de Sonsón, Argelia, Nariño y Abejorral, un Acercamiento a su conocimiento y conservación por los jóvenes del proyecto
_bReservas Naturales campesinas
_cCorporación Autónoma Regional Rionegro - Nare
260 _aMedellín
_bCORNARE
_bMunicipio de Sonsón
_bMunicipio de Argelia
_bFundación Codesarrollo
_bMunicipio de Nariño
_bMunicipio de Abejorral
_c2004
300 _a16 paginas.:
_bilutraciones.
_c22 x 16 cm
650 4 _aAves
_zParamo de Sonsón
_zArgelia, Nariño y abejorral.
_947256
650 4 _aReservas Naturales
_zAntioquia
_947257
942 _cFolleto
_2z
945 _d2005-06-23
999 _c4595
_d4595